Catalog

Record Details

Catalog Search



Epilepsie : epilepsie a dítě  Cover Image Book Book

Epilepsie : epilepsie a dítě / autoři: Petra Stehlíková a Eva Modrá

Stehlíková, Petra (Author). Modrá, Eva (Author).

Record details

  • ISBN: 978-80-906432-2-2
  • Physical Description: 88 stran : ilustrace ; 21 cm
  • Edition: Vydání druhé
  • Publisher: Praha : Společnost E/Czech Epilepsy Association, z.s., 2018

Content descriptions

General Note:
Název z obálky
Bibliography, etc. Note:
Obsahuje bibliografii
Subject: epilepsie
nemocné děti
rodiče a děti
výchova a vzdělávání
epilepsy
ill children
parents and children
education
Genre: informační publikace
information publications

Available copies

  • 1 of 1 copy available at Common Catalog SPOK.

Holds

  • 0 current holds with 1 total copy.
Show All Copies
Location Call Number / Copy Notes Barcode Shelving Location Status Due Date
Jabok Library PeS-5.1/S 424480042935 Odborná literatura Available -

LDR 01685nam a2200505 i 4500
00146259
003CZ-PrJAB
00520200330123719.0
007ta
008180410s2018 xr a e f 000 0 cze
015 . ‡acnb002991442
020 . ‡a978-80-906432-2-2 ‡q(brožováno)
035 . ‡a(CZ PrNK)nkc20182991442
035 . ‡a(OCoLC)1039836578
040 . ‡aBOA001 ‡bcze ‡dABG312 ‡erda
072 7. ‡a616 ‡xPatologie. Klinická medicína ‡2Konspekt ‡914
080 . ‡a616.853 ‡2MRF
080 . ‡a616-053.2 ‡2MRF
080 . ‡a316.362.1-055.52-055.62 ‡2MRF
080 . ‡a376 ‡2MRF
080 . ‡a(036) ‡2MRF
1001 . ‡aStehlíková, Petra ‡7ola2016914715 ‡4aut
24510. ‡aEpilepsie : ‡bepilepsie a dítě / ‡cautoři: Petra Stehlíková a Eva Modrá
2461 . ‡iNázev v tiráži: ‡aEpilepsie a dítě
250 . ‡aVydání druhé
264 1. ‡aPraha : ‡bSpolečnost E/Czech Epilepsy Association, z.s., ‡c2018
300 . ‡a88 stran : ‡bilustrace ; ‡c21 cm
336 . ‡atext ‡btxt ‡2rdacontent
337 . ‡abez média ‡bn ‡2rdamedia
338 . ‡asvazek ‡bnc ‡2rdacarrier
500 . ‡aNázev z obálky
504 . ‡aObsahuje bibliografii
65007. ‡aepilepsie ‡7ph119979 ‡2czenas
65007. ‡anemocné děti ‡7ph137524 ‡2czenas
65007. ‡arodiče a děti ‡7ph116053 ‡2czenas
65007. ‡avýchova a vzdělávání ‡7ph127419 ‡2czenas
65009. ‡aepilepsy ‡2eczenas
65009. ‡aill children ‡2eczenas
65009. ‡aparents and children ‡2eczenas
65009. ‡aeducation ‡2eczenas
655 7. ‡ainformační publikace ‡7fd132454 ‡2czenas
655 9. ‡ainformation publications ‡2eczenas
7001 . ‡aModrá, Eva ‡7hka2017953863 ‡4aut
910 . ‡aABG312
995 . ‡aska
901 . ‡a46259 ‡bCZ-PrJAB ‡c46259 ‡tbiblio

Additional Resources